000 00387nam a22001457a 4500
999 _c12413
_d12413
008 210201b ||||| |||| 00| 0 eng d
082 0 0 _a643.6
_bD225
100 _94479
_aDarr, Jack
245 1 0 _aHow to repair small appliances
_cBy Jack Darr,
260 _aSlough
_bW. Foulsham & co.,
_c1967.
300 _a128 p.
365 _d20.25
650 0 _aElectrical Engineering
942 _cBK